| 000 | 00495nam a2200169 i 4500 | ||
|---|---|---|---|
| 001 | 46317 | ||
| 003 | ES-MaACL | ||
| 005 | 20230906161349.0 | ||
| 007 | t| | ||
| 008 | 030328s1977 sp ||||1| spa d | ||
| 100 | 1 |
_aComellas, José Luis. _939983 |
|
| 245 | 1 | 3 |
_aLa restauración como experiencia histórica / _cJosé Luis Comellas. |
| 260 |
_aSevilla : _bUniversidad, _c[1977] |
||
| 300 |
_a194 p. ; _c19 cm. |
||
| 710 | 2 |
_aUniversidad de Sevilla. _97301 |
|
| 852 |
_aES-MaACL _jA-6984 _bR.96058 |
||
| 999 |
_c46317 _d46317 |
||